000 00575nam a2200193 i 4500
001 137585
003 ES-MaACL
005 20250811063144.0
007 t|
008 070214s1935 sp r ||||1| spa d
100 1 _aSalazar, Adolfo,
_d1890-1958
_9101798
245 1 3 _aLa música actual en Europa y sus problemas /
_cAdolfo Salazar.
260 _aMadrid :
_bJ. Mª Yagües,
_c1935.
300 _a480 p. ;
_c19 cm.
650 0 4 _aMúsica-
_yS.XX.
_915401
852 _aES-MaACL
_jE-966
_bR.26478
852 _aES-MaACL
_jA-3627
_bR.15092
999 _c137585
_d137585